000 00360nam a22001217a 4500
082 _a220 PRO
100 _aAWAIS, NAQASH
_971884
245 _aPR-SOF-1243-DESIGN & MANUFACTURE OF AN ADAPTIVE PROSTHETIC GRIPPER
260 _aISLAMABAD
_bNUST COLLEGE OF EME
_c2013
650 _aDE-MTS-31
_971885
700 _aSUPERVISOR DR KUNWAR FARAZ
_971886
942 _cCR
999 _c578159
_d578159